[Event "Groningen op"]
[Site "Groningen"]
[Date "1995.??.??"]
[Round "?"]
[White "Van Wessel, Rudy"]
[Black "Rozentalis, Eduardas"]
[Result "0-1"]
[WhiteElo "2330"]
[BlackElo "2610"]
[PlyCount "74"]
[EventDate "1995.12.??"]
[Source "ChessBase"]

1. e4 e6 2. d4 d5 3. Nd2 Nf6 4. e5 Nfd7 5. Bd3 c5 6. c3 Nc6 7. Ngf3 cxd4 8. cxd4 Qb6 9. O-O Nxd4 10. Nxd4 Qxd4 11. Nf3 Qb6 12. Qa4 Qb4 13. Qc2 Be7 14. Bd2 Qb6 15. Rac1 h6 16. Qa4 a6 17. Rc2 O-O 18. Rxc8 Rfxc8 19. Qxd7 Rc7 20. Qa4 Qxb2 21. Qg4 Kf8 22. Qa4 Qa3 23. Qb3 b5 24. Rb1 Rac8 25. Kf1 Kg8 26. Ke2 Bf8 27. Nd4 Qe7 28. g3 Qd7 29. f4 Rc4 30. Nf3 Ra4 31. Rg1 Ra3 32. Qb1 b4 33. g4 Qa4 34. Rg3 Rxa2 35. Bh7+ Kh8 36. Ng5 Rc7 37. Bg8 Qc2 0-1

[Event "Linares Anibal op 9th"]
[Site "Linares"]
[Date "2002.03.03"]
[Round "3"]
[White "Saldano, Horacio"]
[Black "Zhang Pengxiang"]
[Result "0-1"]
[WhiteElo "2418"]
[BlackElo "2522"]
[PlyCount "105"]
[EventDate "2002.03.01"]
[Source "ChessBase"]
[SourceDate "2002.05.03"]

1. e4 e6 2. d4 d5 3. Nd2 Nf6 4. e5 Nfd7 5. Bd3 c5 6. c3 Nc6 7. Ne2 Qb6 8. Nf3 f6 9. exf6 Nxf6 10. O-O Bd6 11. Ng3 O-O 12. Re1 cxd4 13. cxd4 Bd7 14. b3 Bb4 15. Re2 Bc3 16. Bb2 Bxb2 17. Rxb2 Kh8 18. Bf1 Ne4 19. Nxe4 dxe4 20. Ng5 h6 21. Nxe4 Nxd4 22. Rd2 e5 23. Rc1 Rad8 24. Rc5 Qg6 25. Ng3 Bc6 26. Kh1 Qg5 27. Qe1 Qf4 28. Nh5 Qf7 29. Qd1 Nxb3 30. axb3 Rxd2 31. Qxd2 Qxh5 32. Qe3 Qf5 33. Kg1 Re8 34. Rc1 Qf4 35. Qe1 Qd4 36. Rd1 Qb6 37. Rd3 Bb5 38. Re3 Bxf1 39. Qxf1 Qc5 40. Qe1 a5 41. h3 b6 42. Kh2 Qd5 43. Qc3 e4 44. f3 Qf5 45. Qe1 Qd5 46. fxe4 Qe5+ 47. Kh1 Rc8 48. Rf3 Rc2 49. Rf8+ Kh7 50. Rf2 Rxf2 51. Qxf2 Qxe4 52. Kg1 Qb1+ 53. Kh2 0-1

[Event "AUT chT"]
[Site "2. Bundesliga Mitte 2003/04"]
[Date "2004.02.29"]
[Round "9.2"]
[White "Butunoi, Alexandru"]
[Black "Buhmann, Rainer"]
[Result "1/2-1/2"]
[WhiteElo "2412"]
[BlackElo "2527"]
[PlyCount "91"]
[EventDate "2004.02.28"]
[Source "Roberto Alvarez"]
[SourceDate "2004.03.22"]

1. e4 e6 2. d4 d5 3. Nd2 Nf6 4. e5 Nfd7 5. Bd3 c5 6. c3 Nc6 7. Ne2 a5 8. O-O Be7 9. f4 cxd4 10. cxd4 Nb6 11. a4 Bd7 12. Nf3 Nb4 13. Bb1 Qc7 14. Nc3 g6 15. h4 Nc8 16. Be3 Na7 17. Qe2 b6 18. Rc1 Qd8 19. h5 Bc8 20. Ne1 Ba6 21. Qg4 Qd7 22. Qh3 Rg8 23. Nf3 Nac6 24. Bf2 O-O-O 25. Bh4 Kb7 26. Bxe7 Qxe7 27. h6 f6 28. Qh4 Rdf8 29. exf6 Rxf6 30. Re1 Qf8 31. Qg4 Qxh6 32. g3 Kb8 33. Nb5 Qg7 34. Ra3 Bc8 35. Ne5 g5 36. Rc3 gxf4 37. Qxg7 Rxg7 38. Nxc6+ Nxc6 39. Rxc6 Rxg3+ 40. Kf2 Rh6 41. Rxb6+ Ka8 42. Rg1 Rh2+ 43. Kf1 e5 44. Rxg3 fxg3 45. Ba2 Bh3+ 46. Kg1 1/2-1/2

[Event "I Open"]
[Site "Illes Medes SPA"]
[Date "2006.12.30"]
[Round "3"]
[White "Monroy, C."]
[Black "Moskalenko, V."]
[Result "0-1"]
[WhiteElo "2394"]
[BlackElo "2543"]
[PlyCount "96"]
[EventDate "2006.12.28"]
[Source "www.chesslib.no"]
[SourceDate "2004.05.04"]

1. e4 e6 2. d4 d5 3. Nd2 Nf6 4. e5 Nfd7 5. Bd3 c5 6. c3 Nc6 7. Ngf3 g6 8. h4 h6 9. Nb1 Bg7 10. Be3 a6 11. Nbd2 b5 12. h5 g5 13. Nh2 O-O 14. Ng4 f5 15. exf6 Nxf6 16. Nxf6+ Qxf6 17. Nf3 cxd4 18. cxd4 e5 19. dxe5 Nxe5 20. Nd4 Ng4 21. Qd2 Nxe3 22. fxe3 Bg4 23. Bg6 Qe5 24. Nf3 Qxb2 25. Qxd5+ Kh8 26. O-O Rad8 27. Qe4 Bxf3 28. gxf3 Rd2 29. f4 gxf4 30. Rab1 Qe5 31. Rxf4 Rxf4 32. exf4 Qd4+ 33. Kh1 Qd8 34. Qe1 Bc3 35. Qe8+ Qxe8 36. Bxe8 Rxa2 37. Bxb5 axb5 38. Rxb5 Bd2 39. Rb8+ Kg7 40. Rb7+ Kg8 41. Rb8+ Kf7 42. Rb7+ Ke8 43. Kg2 Bxf4+ 44. Kf3 Bg5 45. Kg4 Ra5 46. Rg7 Kf8 47. Rg6 Kf7 48. Kg3 Ra4 0-1

[Event "15. European Team Championship"]
[Site "?"]
[Date "2005.08.06"]
[Round "8.12"]
[White "Carlsson Pontus"]
[Black "Berg Emanuel"]
[Result "1/2-1/2"]
[WhiteElo "2394"]
[BlackElo "2539"]
[PlyCount "160"]
[EventDate "2005.??.??"]
[Source "www.chesslib.no"]
[SourceDate "2004.05.04"]

1. e4 e6 2. d4 d5 3. Nd2 Nf6 4. e5 Nfd7 5. Bd3 c5 6. c3 Nc6 7. Ngf3 g6 8. O-O Bg7 9. Bb5 O-O 10. Re1 Qb6 11. Qa4 a6 12. Bxc6 bxc6 13. Nb3 c4 14. Na5 c5 15. b3 cxd4 16. cxd4 Qb5 17. Qa3 c3 18. b4 Nb6 19. Qxc3 Bd7 20. Bg5 Rfc8 21. Qd2 Nc4 22. Nxc4 dxc4 23. Qc3 Bc6 24. Nd2 Bf8 25. Rab1 f5 26. Qxc4 Bd5 27. Qxb5 axb5 28. Nf1 h6 29. Bd2 Rxa2 30. Rec1 Rcc2 31. Rxc2 Rxc2 32. h4 Rc4 33. Ne3 Rxd4 34. Bc3 Rd3 35. Be1 Rb3 36. Rd1 Be4 37. Rd8 Rb1 38. Kf1 Kf7 39. Rd4 Bxb4 40. Rxb4 Bd3+ 41. Kg1 Rxe1+ 42. Kh2 Ke7 43. Rb3 Be2 44. Rb2 Bd3 45. Rb3 Be2 46. Rb2 f4 47. Nc2 Rd1 48. Na3 Bf1 49. Nxb5 Rd5 50. Na7 Rc5 51. Rb7+ Ke8 52. Rb1 Bd3 53. Rb3 Be2 54. Rb4 g5 55. hxg5 hxg5 56. Rb2 Bd3 57. Rb3 Be2 58. Rb2 Bd3 59. Rb3 Bc4 60. Rc3 Kd7 61. Nb5 Rxe5 62. Rxc4 Rxb5 63. Kh3 Rb2 64. f3 e5 65. Ra4 Ke6 66. Ra8 g4+ 67. fxg4 Rb3+ 68. Kh4 Rb2 69. Kh3 Rb1 70. Ra6+ Kd5 71. Ra5+ Ke6 72. Ra6+ Kd5 73. Ra5+ Ke4 74. Ra4+ Kd5 75. Ra5+ Kd4 76. Ra4+ Kc5 77. g5 Rb3+ 78. Kg4 Rg3+ 79. Kf5 Rxg2 80. Kxe5 Rxg5+ 1/2-1/2

[Event "Goeteborg SWE, Men Ch 2005"]
[Site "?"]
[Date "2005.07.12"]
[Round "10"]
[White "Carlsson Pontus"]
[Black "Berg Emanuel"]
[Result "1-0"]
[WhiteElo "2394"]
[BlackElo "2539"]
[PlyCount "83"]
[EventDate "2005.??.??"]
[Source "www.chesslib.no"]
[SourceDate "2004.05.04"]

1. e4 e6 2. d4 d5 3. Nd2 Nf6 4. e5 Nfd7 5. Bd3 c5 6. c3 Nc6 7. Ngf3 Be7 8. O-O g5 9. dxc5 g4 10. Nd4 Ndxe5 11. Bb5 Bxc5 12. f4 gxf3 13. N2xf3 Bd7 14. Bxc6 Nxc6 15. Ng5 Rf8 16. Nxh7 Qh4 17. Nf6+ Ke7 18. Be3 Nxd4 19. Bxd4 Rac8 20. Qd2 Rh8 21. h3 Be8 22. Rf4 Qg3 23. Rf3 Qh4 24. Raf1 Bb5 25. Nxd5+ exd5 26. Bxc5+ Rxc5 27. Qe3+ Kd8 28. Qxc5 Bxf1 29. Rxf1 Qh5 30. Rf6 Qd1+ 31. Kh2 Rxh3+ 32. gxh3 Qe2+ 33. Qf2 Qe5+ 34. Kg2 Qe4+ 35. Qf3 Qc2+ 36. Kg3 Qd2 37. Rf5 Qe1+ 38. Kg2 Qd2+ 39. Qf2 Qh6 40. Rxd5+ Kc7 41. Qg3+ Kc6 42. Rd4 1-0

[Event "Groningen op"]
[Site "Groningen"]
[Date "1997.??.??"]
[Round "9"]
[White "Tseitlin, Mark D"]
[Black "Holzke, Frank"]
[Result "1-0"]
[WhiteElo "2530"]
[BlackElo "2400"]
[PlyCount "75"]
[EventDate "1997.12.20"]
[Source "ChessBase"]
[SourceDate "1998.03.09"]

1. e4 e6 2. d4 d5 3. Nd2 Nf6 4. e5 Nfd7 5. Bd3 c5 6. c3 Nc6 7. Ngf3 Qb6 8. O-O cxd4 9. cxd4 Nxd4 10. Nxd4 Qxd4 11. Nf3 Qb6 12. Qa4 Qb4 13. Qc2 Nc5 14. Bd2 Qa4 15. b3 Qd7 16. Bb4 b6 17. Nd4 Nxd3 18. Bxf8 Ba6 19. Bxg7 Rg8 20. Bf6 Rg4 21. f4 Qc8 22. Qd2 Kd7 23. h3 Rg3 24. Kh2 Nc5 25. Rfc1 Qg8 26. Bh4 Rd3 27. Qb4 Rc8 28. Nb5 Qg6 29. Nd6 Rg8 30. Bg5 Qh5 31. Rc3 h6 32. Rxd3 Bxd3 33. Qa3 hxg5 34. Qxa7+ Kc6 35. Rc1 Bc4 36. b4 d4 37. bxc5 gxf4 38. Qb7+ 1-0

[Event "Pula op"]
[Site "Pula"]
[Date "2000.05.23"]
[Round "8"]
[White "Pavasovic, Dusko"]
[Black "Soln, Primoz"]
[Result "1-0"]
[WhiteElo "2544"]
[BlackElo "2382"]
[PlyCount "71"]
[EventDate "2000.05.16"]
[Source "ChessBase"]
[SourceDate "2000.07.11"]

1. e4 e6 2. d4 d5 3. Nd2 Nf6 4. e5 Nfd7 5. Bd3 c5 6. c3 Nc6 7. Ngf3 Be7 8. O-O a5 9. Re1 Qb6 10. dxc5 Nxc5 11. Bc2 a4 12. Nf1 Bd7 13. Ng3 h5 14. h4 g6 15. Rb1 Qc7 16. Bg5 Bxg5 17. Nxg5 Nxe5 18. Qd4 O-O-O 19. Rxe5 f6 20. Rxd5 exd5 21. Nf7 Ne6 22. Qa7 f5 23. Nxh8 Rxh8 24. Bxa4 b5 25. Qa6+ Qb7 26. Bxb5 Qxa6 27. Bxa6+ Kc7 28. Bd3 Ra8 29. a3 Ra4 30. Ne2 Rxh4 31. b4 Ba4 32. f3 Nf4 33. g3 Nxd3 34. gxh4 Ne5 35. Kf2 Nc4 36. Nf4 1-0

[Event "Gibtelecom Masters"]
[Site "Catalan Bay ING"]
[Date "2007.01.30"]
[Round "7"]
[White "Jones, G."]
[Black "Sengupta, D."]
[Result "0-1"]
[WhiteElo "2509"]
[BlackElo "2416"]
[PlyCount "142"]
[EventDate "2007.01.23"]
[Source "www.chesslib.no"]
[SourceDate "2004.05.04"]

1. e4 e6 2. d4 d5 3. Nd2 Nf6 4. e5 Nfd7 5. Bd3 c5 6. c3 Nc6 7. Ngf3 g6 8. h4 Be7 9. h5 g5 10. dxc5 Ndxe5 11. Nxe5 Nxe5 12. Nb3 Qc7 13. h6 Bd7 14. Be3 O-O-O 15. Nd4 f5 16. b4 Bf6 17. a4 f4 18. Bc1 Nxd3+ 19. Qxd3 e5 20. Nb5 e4 21. Qc2 Qe5 22. Nd4 g4 23. b5 Rhg8 24. c6 Be8 25. Bb2 g3 26. fxg3 Rxg3 27. O-O-O f3 28. gxf3 Bg6 29. cxb7+ Kc7 30. f4 Qxf4+ 31. Kb1 Qg4 32. Ka1 Kxb7 33. Nc6 Rd7 34. Qb3 e3 35. Rhe1 e2 36. Rd2 Bd3 37. Qb4 Qxb4 38. cxb4 Bg5 39. Rdxe2 Bxe2 40. Rxe2 Bxh6 41. Re8 Bg7 42. Nd8+ Kb6 43. Ne6 Bxb2+ 44. Kxb2 a6 45. Nc5 Rf7 46. Re6+ Kc7 47. b6+ Kd8 48. Rd6+ Ke8 49. Re6+ Kf8 50. Re2 Rg4 51. b7 Rxb4+ 52. Kc3 Rbxb7 53. Nxb7 Rxb7 54. Re6 a5 55. Ra6 Rc7+ 56. Kd3 Rc5 57. Ra7 Kg8 58. Kd4 Rc4+ 59. Kxd5 Rxa4 60. Ke5 h5 61. Kf6 h4 62. Ra8+ Kh7 63. Ra7+ Kh6 64. Ra8 Rf4+ 65. Ke5 Rb4 66. Kf6 Kh5 67. Kf5 Rb5+ 68. Kf4 Kg6 69. Ra6+ Kf7 70. Kf3 Rb3+ 71. Kg4 Rb4+ 0-1

[Event "Staatsliga B"]
[Site "St. Valentin"]
[Date "2004.03.13"]
[Round "10.1"]
[White "Tompa, Janos"]
[Black "Buhmann, Rainer"]
[Result "1/2-1/2"]
[WhiteElo "2397"]
[BlackElo "2527"]
[PlyCount "56"]
[EventDate "2003.11.08"]
[Source "Roberto Alvarez"]
[SourceDate "2004.03.22"]

1. e4 e6 2. d4 d5 3. Nd2 Nf6 4. e5 Nfd7 5. Bd3 c5 6. c3 Nc6 7. Ne2 a5 8. a3 a4 9. O-O Be7 10. f4 cxd4 11. cxd4 Nb6 12. Nf3 Bd7 13. Be3 Na5 14. Nc3 Nbc4 15. Qe2 g6 16. Rab1 b5 17. Bf2 Nb3 18. Rbd1 Qc7 19. Bxc4 Qxc4 20. Qxc4 bxc4 21. Bh4 Bxh4 22. Nxh4 Rb8 23. Rf2 h5 24. g3 Rb7 25. h3 Na5 26. Rdd2 Nb3 27. Rd1 Na5 28. Rdd2 Nb3 1/2-1/2